[Event "Hessenliga 1921"]
[Site "Hessen"]
[Date "2020.03.08"]
[Round "7.2"]
[White "Wege, Jochen"]
[Black "Telljohann, Sven"]
[Result "1/2-1/2"]
[WhiteElo "2257"]
[BlackElo "2388"]
[PlyCount "22"]
[EventDate "2019.09.22"]
[EventType "team-tourn"]
[EventRounds "9"]
[EventCountry "GER"]
[SourceTitle "EXT 2024"]
[Source "ChessBase"]
[SourceDate "2023.10.10"]
[SourceVersion "1"]
[SourceVersionDate "2023.10.10"]
[SourceQuality "1"]
[WhiteTeam "Frankfurt Bvk"]
[BlackTeam "Frankfurt TV"]
[WhiteTeamCountry "GER"]
[BlackTeamCountry "GER"]

1. e4 d5 2. exd5 Qxd5 3. Nc3 Qd6 4. g3 c6 5. Bg2 Nf6 6. d4 Bg4 7. Qd3 e6 8. Bf4 Qd8 9. a3 Bd6 10. Bxd6 Qxd6 11. Nf3 Bxf3 1/2-1/2

[Event "Hessenliga 1921"]
[Site "Hessen"]
[Date "2019.11.10"]
[Round "3.3"]
[White "Koller, Jens"]
[Black "Wege, Jochen"]
[Result "1/2-1/2"]
[WhiteElo "2166"]
[BlackElo "2257"]
[PlyCount "56"]
[EventDate "2019.09.22"]
[EventType "team-tourn"]
[EventRounds "9"]
[EventCountry "GER"]
[SourceTitle "EXT 2024"]
[Source "ChessBase"]
[SourceDate "2023.10.10"]
[SourceVersion "1"]
[SourceVersionDate "2023.10.10"]
[SourceQuality "1"]
[WhiteTeam "Neuberg II"]
[BlackTeam "Frankfurt Bvk"]
[WhiteTeamCountry "GER"]
[BlackTeamCountry "GER"]

1. e4 e6 2. d4 d5 3. Nc3 Nc6 4. Nf3 Nf6 5. Bg5 Be7 6. e5 Ne4 7. Bxe7 Qxe7 8. Bd3 Qb4 9. Bxe4 dxe4 10. Ng5 Bd7 11. 0-0 h6 12. Ngxe4 Qxd4 13. Qxd4 Nxd4 14. Rad1 Nb5 15. Ne2 Bc6 16. N4g3 a6 17. c4 Na7 18. Rd4 h5 19. h4 Ke7 20. Rfd1 g6 21. Nc3 Rad8 22. f4 Rxd4 23. Rxd4 b6 24. Nge4 Bxe4 25. Nxe4 Nc6 26. Rd2 Rd8 27. Rxd8 Kxd8 28. a3 Ke7 1/2-1/2

[Event "Oberliga Ost-B 1819"]
[Site "Germany"]
[Date "2018.12.15"]
[Round "4.2"]
[White "Wehner, Janis"]
[Black "Wege, Jochen"]
[Result "1/2-1/2"]
[WhiteElo "2164"]
[BlackElo "2296"]
[PlyCount "23"]
[EventDate "2018.10.21"]
[EventType "team-tourn"]
[EventRounds "11"]
[EventCountry "GER"]
[SourceTitle "EXT 2020"]
[Source "ChessBase"]
[SourceDate "2019.10.17"]
[SourceVersion "1"]
[SourceVersionDate "2019.10.17"]
[SourceQuality "1"]
[WhiteTeam "Erfurt Medizin"]
[BlackTeam "Nied Koenig"]
[WhiteTeamCountry "GER"]
[BlackTeamCountry "GER"]

1. e4 e6 2. d4 d5 3. exd5 exd5 4. Nc3 c6 5. Bd3 Bd6 6. Qf3 Ne7 7. Bf4 Ng6 8. Bxd6 Qxd6 9. Nge2 Be6 10. Qg3 Qxg3 11. hxg3 Ne7 12. Nf4 1/2-1/2

[Event "Oberliga Ost-B 1718"]
[Site "Germany"]
[Date "2018.04.15"]
[Round "11.3"]
[White "Wege, Jochen"]
[Black "Nazarenus, Moritz"]
[Result "0-1"]
[WhiteElo "2294"]
[BlackElo "2241"]
[PlyCount "72"]
[EventDate "2017.10.22"]
[EventType "team-tourn"]
[EventRounds "11"]
[EventCountry "GER"]
[SourceTitle "EXT 2019"]
[Source "ChessBase"]
[SourceDate "2018.10.10"]
[SourceVersion "1"]
[SourceVersionDate "2018.10.10"]
[SourceQuality "1"]
[WhiteTeam "Frankfurt Koenig Nied"]
[BlackTeam "Schoeneck"]
[WhiteTeamCountry "GER"]
[BlackTeamCountry "GER"]

1. e4 c6 2. d4 d5 3. e5 Bf5 4. h4 h5 5. Bd3 Bxd3 6. Qxd3 e6 7. Bg5 Qa5+ 8. Nd2 Ne7 9. Ne2 Qa6 10. c4 c5 11. 0-0 Nbc6 12. Rac1 Nf5 13. Nf3 Nb4 14. Qd2 dxc4 15. Nf4 Nd3 16. Nxd3 cxd3 17. dxc5 Be7 18. Rc3 0-0 19. Bxe7 Nxe7 20. Rxd3 Qxa2 21. Rd7 Ng6 22. Rxb7 Qc4 23. Rc1 Qe4 24. Rb4 Qc6 25. Qg5 Rfb8 26. Rxb8+ Rxb8 27. Rc4 Qd5 28. Rd4 Qxc5 29. Qxh5 Nf4 30. Rxf4 Qc1+ 31. Ne1 Qxf4 32. Nd3 Qe4 33. Nc5 Qd4 34. Na6 Rxb2 35. Qg5 Rxf2 36. Qd8+ Qxd8 0-1

[Event "Oberliga Ost-B 1718"]
[Site "Germany"]
[Date "2018.02.03"]
[Round "6.3"]
[White "Dubkov, Andrej"]
[Black "Wege, Jochen"]
[Result "1-0"]
[WhiteElo "2328"]
[BlackElo "2294"]
[PlyCount "117"]
[EventDate "2017.10.22"]
[EventType "team-tourn"]
[EventRounds "11"]
[EventCountry "GER"]
[SourceTitle "EXT 2019"]
[Source "ChessBase"]
[SourceDate "2018.10.10"]
[SourceVersion "1"]
[SourceVersionDate "2018.10.10"]
[SourceQuality "1"]
[WhiteTeam "Wiesbaden"]
[BlackTeam "Frankfurt Koenig Nied"]
[WhiteTeamCountry "GER"]
[BlackTeamCountry "GER"]

1. Nf3 Nf6 2. c4 c5 3. g3 b6 4. Bg2 Bb7 5. Nc3 e6 6. 0-0 Be7 7. d4 cxd4 8. Qxd4 d6 9. Bg5 a6 10. Bxf6 Bxf6 11. Qf4 Ra7 12. Rad1 Be7 13. Ne4 Bxe4 14. Qxe4 0-0 15. Nd4 Qc8 16. b3 Qc5 17. a4 Rc7 18. Qb1 Rfc8 19. Rd2 Nd7 20. Rfd1 Nf6 21. e3 d5 22. cxd5 Nxd5 23. Bxd5 Qxd5 24. b4 b5 25. Nxb5 Qxd2 26. Nxc7 Qe2 27. Rd7 Rd8 28. Rxd8+ Bxd8 29. Qc1 h5 30. b5 Bxc7 31. Qxc7 Qd1+ 32. Kg2 h4 33. gxh4 axb5 34. Qb8+ Kh7 35. axb5 Qg4+ 36. Qg3 Qc4 37. b6 Qc6+ 38. Qf3 Qxb6 39. Qxf7 Qc6+ 40. Qf3 Qc4 41. h5 Qh4 42. h3 Qg5+ 43. Qg4 Qd5+ 44. e4 Qe5 45. Qg6+ Kh8 46. h6 gxh6 47. Qxh6+ Kg8 48. Qg6+ Kh8 49. h4 Qc7 50. Qh6+ Kg8 51. Qxe6+ Kh8 52. Qf6+ Kg8 53. Qg5+ Kh8 54. h5 Qc6 55. Qe5+ Kh7 56. Qf5+ Kh8 57. h6 Qg6+ 58. Kh2 Qd6+ 59. e5 1-0

[Event "Oberliga Ost-B 1718"]
[Site "Germany"]
[Date "2018.01.21"]
[Round "5.2"]
[White "Langheinrich, Ferenc"]
[Black "Wege, Jochen"]
[Result "1-0"]
[WhiteElo "2373"]
[BlackElo "2294"]
[PlyCount "147"]
[EventDate "2017.10.22"]
[EventType "team-tourn"]
[EventRounds "11"]
[EventCountry "GER"]
[SourceTitle "EXT 2019"]
[Source "ChessBase"]
[SourceDate "2018.10.10"]
[SourceVersion "1"]
[SourceVersionDate "2018.10.10"]
[SourceQuality "1"]
[WhiteTeam "Erfurt Empor"]
[BlackTeam "Frankfurt Koenig Nied"]
[WhiteTeamCountry "GER"]
[BlackTeamCountry "GER"]

1. e4 e6 2. d4 d5 3. Nc3 Bb4 4. exd5 exd5 5. Bd3 c6 6. Nf3 Ne7 7. h3 0-0 8. 0-0 Bf5 9. Re1 Bxd3 10. Qxd3 Ng6 11. Bg5 Qc7 12. h4 h6 13. Bd2 Bd6 14. g3 Bxg3 15. fxg3 Qxg3+ 16. Kf1 Qh3+ 17. Kf2 Nxh4 18. Rg1 Nxf3 19. Rg3 Qh5 20. Qxf3 Qxf3+ 21. Kxf3 Kh7 22. Rag1 g6 23. Rh3 h5 24. Ne2 Nd7 25. Nf4 Nf6 26. Bb4 Rfe8 27. Bd6 Re4 28. Be5 Nd7 29. Nxh5 Nxe5+ 30. dxe5 Rxe5 31. Nf6+ Kg7 32. Ng4 Re6 33. Rgh1 Rae8 34. Rh7+ Kf8 35. Kg3 Ke7 36. Rf1 Rf8 37. Rf2 d4 38. Rg7 c5 39. Nh6 Kd6 40. Nxf7+ Kd5 41. Ng5 Rxf2 42. Kxf2 Rb6 43. b3 a5 44. Rd7+ Kc6 45. Rd8 a4 46. Ke2 axb3 47. axb3 Kb5 48. Ne4 Re6 49. Kd3 b6 50. Rd5 Kb4 51. Rg5 Kb5 52. Rg1 Kb4 53. Ra1 Kb5 54. Re1 Kb4 55. Rf1 Kb5 56. Rf4 Kb4 57. Kd2 c4 58. Ng5 Rd6 59. bxc4 Kxc4 60. Nf3 b5 61. Rg4 b4 62. Ne5+ Kd5 63. Nxg6 Rf6 64. Rg5+ Kd6 65. Ne5 Rf2+ 66. Kd3 Rh2 67. Nc4+ Kc6 68. Na5+ Kb6 69. Nb3 Rh3+ 70. Kxd4 Rc3 71. Rc5 Rh3 72. Kc4 Rh4+ 73. Nd4 Ka6 74. Rd5 1-0

[Event "Oberliga Ost-B 1617"]
[Site "Germany"]
[Date "2017.02.18"]
[Round "6.6"]
[White "Wege, Jochen"]
[Black "Haubt, Georg"]
[Result "1/2-1/2"]
[WhiteElo "2295"]
[BlackElo "2161"]
[PlyCount "83"]
[EventDate "2016.10.16"]
[EventType "team-tourn"]
[EventRounds "11"]
[EventCountry "GER"]
[SourceTitle "EXT 2018"]
[Source "ChessBase"]
[SourceDate "2017.10.13"]
[SourceVersion "1"]
[SourceVersionDate "2017.10.13"]
[SourceQuality "1"]
[WhiteTeam "Frankfurt BvK"]
[BlackTeam "Oberursel"]
[WhiteTeamCountry "GER"]
[BlackTeamCountry "GER"]

1. e4 d5 2. exd5 Qxd5 3. Nc3 Qd6 4. d4 Nf6 5. Nf3 a6 6. Ne5 Nc6 7. Nxc6 Qxc6 8. Be2 Bf5 9. 0-0 e6 10. Bf3 Qb6 11. Na4 Qa7 12. c4 Rd8 13. Be3 c5 14. Nxc5 Bxc5 15. Qa4+ b5 16. cxb5 Bb6 17. bxa6+ Nd7 18. Qa3 f6 19. b4 0-0 20. b5 e5 21. dxe5 Nxe5 22. Bxb6 Qxb6 23. Qb3+ Be6 24. Qb4 Rd4 25. Qc3 Rd3 26. Qb4 Nxf3+ 27. gxf3 Rxf3 28. a4 Rf5 29. h4 Rc8 30. Qe7 Re5 31. Rac1 Qd4 32. Qb7 Qg4+ 33. Qg2 Qxa4 34. Rxc8+ Bxc8 35. Rc1 Bd7 36. b6 Qxa6 37. b7 Rb5 38. Rc7 Qa1+ 39. Kh2 Qe5+ 40. Qg3 Qxg3+ 41. Kxg3 Rb3+ 42. Kf4 1/2-1/2

[Event "EU-ch blitz"]
[Site "Tallinn"]
[Date "2016.12.17"]
[Round "4"]
[White "Munoz Pantoja, Miguel Angel"]
[Black "Wege, Jochen"]
[Result "1-0"]
[WhiteElo "2473"]
[BlackElo "2295"]
[PlyCount "29"]
[EventDate "2016.12.17"]
[EventType "swiss (blitz)"]
[EventRounds "26"]
[EventCountry "EST"]
[SourceTitle "CBM 176 Extra"]
[Source "ChessBase"]
[SourceDate "2017.03.02"]
[SourceVersion "1"]
[SourceVersionDate "2017.03.02"]
[SourceQuality "1"]

1. e4 e6 2. d4 d5 3. Nd2 Nf6 4. Bd3 c5 5. dxc5 Nc6 6. Ngf3 Bxc5 7. Qe2 Nd4 8. Nxd4 Bxd4 9. 0-0 Bb6 10. b3 dxe4 11. Nxe4 Nxe4 12. Bxe4 Qf6 13. Ba3 h5 14. Rad1 h4 15. Qb5+ 1-0

[Event "EU-ch blitz"]
[Site "Tallinn"]
[Date "2016.12.17"]
[Round "3"]
[White "Wege, Jochen"]
[Black "Munoz Pantoja, Miguel Angel"]
[Result "0-1"]
[WhiteElo "2295"]
[BlackElo "2473"]
[PlyCount "138"]
[EventDate "2016.12.17"]
[EventType "swiss (blitz)"]
[EventRounds "26"]
[EventCountry "EST"]
[SourceTitle "CBM 176 Extra"]
[Source "ChessBase"]
[SourceDate "2017.03.02"]
[SourceVersion "1"]
[SourceVersionDate "2017.03.02"]
[SourceQuality "1"]

1. e4 d5 2. exd5 Qxd5 3. Nc3 Qa5 4. g3 Bd7 5. Bg2 Bc6 6. Nf3 Nf6 7. 0-0 e6 8. a3 Nbd7 9. Rb1 Qh5 10. b4 a6 11. Nh4 Bxg2 12. Qxh5 Nxh5 13. Nxg2 0-0-0 14. d3 Ne5 15. Nf4 Nxf4 16. Bxf4 Nf3+ 17. Kg2 Nd4 18. Rb2 f6 19. Be3 Nf5 20. Ne4 h5 21. h4 Bd6 22. Bc5 Be5 23. Rbb1 Rd7 24. f4 Bd4 25. Bxd4 Nxd4 26. Rf2 Re8 27. c3 Nb5 28. a4 Nd6 29. Nc5 Rde7 30. d4 e5 31. fxe5 fxe5 32. dxe5 Rxe5 33. Rbf1 a5 34. Nd3 Re3 35. Rf3 axb4 36. cxb4 R3e4 37. Rf4 g6 38. Rxe4 Nxe4 39. Re1 Rd8 40. Rxe4 Rxd3 41. a5 Rb3 42. Rc4 Kd7 43. Re4 Kd6 44. Rf4 Ke5 45. Rc4 c6 46. a6 bxa6 47. Rxc6 Kf5 48. Rxa6 Rxb4 49. Ra3 Kg4 50. Rc3 Rb2+ 51. Kg1 Kh3 52. Ra3 Rg2+ 53. Kh1 Rxg3 54. Ra4 Rg4 55. Ra3+ Kxh4 56. Rh3+ Kg5 57. Ra3 Rf4 58. Kg2 h4 59. Ra5+ Kg4 60. Ra3 g5 61. Kh2 Rf2+ 62. Kg1 Rf3 63. Ra4+ Kg3 64. Ra2 h3 65. Rg2+ Kh4 66. Ra2 g4 67. Ra7 Kg3 68. Ra2 h2+ 69. Rxh2 Rf1+ 0-1

[Event "Oberliga Ost-B 1516"]
[Site "Germany"]
[Date "2016.04.09"]
[Round "10.4"]
[White "Wege, Jochen"]
[Black "Weishaeutel, Moritz"]
[Result "1-0"]
[WhiteElo "2272"]
[BlackElo "1926"]
[PlyCount "55"]
[EventDate "2015.09.20"]
[EventType "team-tourn"]
[EventRounds "11"]
[EventCountry "GER"]
[SourceTitle "EXT 2017"]
[Source "ChessBase"]
[SourceDate "2016.10.25"]
[SourceVersion "1"]
[SourceVersionDate "2016.10.25"]
[SourceQuality "1"]
[WhiteTeam "Frankfurt BvK"]
[BlackTeam "Erfurt Empor"]
[WhiteTeamCountry "GER"]
[BlackTeamCountry "GER"]

1. e4 e6 2. d4 d5 3. Nc3 Nf6 4. e5 Nfd7 5. f4 c5 6. Nf3 Nc6 7. Be3 Be7 8. Qd2 0-0 9. a3 b6 10. Nd1 cxd4 11. Nxd4 Nxd4 12. Bxd4 Nc5 13. Nf2 Bb7 14. Bd3 Nxd3+ 15. cxd3 Bc5 16. Qe3 Rc8 17. 0-0 Bxd4 18. Qxd4 Rc2 19. Ng4 Qd7 20. Ne3 Rd2 21. f5 Qb5 22. fxe6 Qxd3 23. Qxd3 Rxd3 24. Nf5 Ba6 25. Ne7+ Kh8 26. Rxf7 Re8 27. Nf5 g6 28. e7 1-0

[Event "Oberliga Ost-B 1516"]
[Site "Germany"]
[Date "2015.12.13"]
[Round "5.6"]
[White "Birke, Andreas"]
[Black "Wege, Jochen"]
[Result "1-0"]
[WhiteElo "2193"]
[BlackElo "2272"]
[PlyCount "115"]
[EventDate "2015.09.20"]
[EventType "team-tourn"]
[EventRounds "11"]
[EventCountry "GER"]
[SourceTitle "EXT 2017"]
[Source "ChessBase"]
[SourceDate "2016.10.25"]
[SourceVersion "1"]
[SourceVersionDate "2016.10.25"]
[SourceQuality "1"]
[WhiteTeam "Liebschwitz"]
[BlackTeam "Frankfurt BvK"]
[WhiteTeamCountry "GER"]
[BlackTeamCountry "GER"]

1. Nf3 Nf6 2. b3 g6 3. Bb2 Bg7 4. e4 d6 5. g3 0-0 6. d3 c5 7. Bg2 Nc6 8. 0-0 Rb8 9. Re1 e5 10. a4 a6 11. Nbd2 h6 12. c3 Qc7 13. Qc2 b5 14. axb5 axb5 15. d4 exd4 16. cxd4 Ne8 17. e5 Bf5 18. Qc3 cxd4 19. Nxd4 Nxe5 20. Nxf5 gxf5 21. Qxc7 Nxc7 22. Bxe5 Bxe5 23. Ra7 Ne6 24. Nf3 Bc3 25. Rd1 Rfd8 26. Nh4 Bd4 27. Ra6 Bb6 28. Nxf5 Nc5 29. Ra2 Kf8 30. Nxh6 Nxb3 31. Nxf7 Rd7 32. Ne5 Rc7 33. Nc6 Re8 34. Rb2 Nc5 35. Rxb5 Ba7 36. h4 Re2 37. Rxd6 Na4 38. Rf5+ Kg7 39. h5 Nc3 40. g4 Ne4 41. Bxe4 Rxe4 42. Rg6+ Kh7 43. Nxa7 Rxa7 44. Kg2 Rb4 45. f3 Rb1 46. Kg3 Rb4 47. Rgf6 Kh8 48. g5 Rb1 49. g6 Kg7 50. Rf7+ Kh6 51. Rf8 Rg1+ 52. Kf2 Rga1 53. Rh8+ Kg7 54. Rh7+ Kg8 55. Rxa7 Rxa7 56. h6 Ra6 57. h7+ Kg7 58. Rf8 1-0

[Event "Oberliga Ost-B 1516"]
[Site "Germany"]
[Date "2015.11.15"]
[Round "4.5"]
[White "Gerber, Peter"]
[Black "Wege, Jochen"]
[Result "0-1"]
[WhiteElo "2174"]
[BlackElo "2272"]
[PlyCount "62"]
[EventDate "2015.09.20"]
[EventType "team-tourn"]
[EventRounds "11"]
[EventCountry "GER"]
[SourceTitle "EXT 2017"]
[Source "ChessBase"]
[SourceDate "2016.10.25"]
[SourceVersion "1"]
[SourceVersionDate "2016.10.25"]
[SourceQuality "1"]
[WhiteTeam "Giessen"]
[BlackTeam "Frankfurt BvK"]
[WhiteTeamCountry "GER"]
[BlackTeamCountry "GER"]

1. e4 Nc6 2. Nf3 d5 3. exd5 Qxd5 4. Nc3 Qd6 5. Bb5 Nf6 6. h3 g6 7. 0-0 Bg7 8. d3 0-0 9. a3 a6 10. Bc4 b5 11. Ba2 Bb7 12. Qe2 e6 13. Be3 Ne5 14. Ng5 Ned7 15. Rad1 c5 16. Nge4 Qc6 17. f4 Nxe4 18. dxe4 Bxc3 19. bxc3 Nf6 20. e5 Ne4 21. Qg4 h5 22. Qf3 Nxc3 23. Qxc6 Bxc6 24. Ra1 c4 25. Bc5 Rfd8 26. Bb4 Ne4 27. Rad1 Ng3 28. Rxd8+ Rxd8 29. Re1 Rd4 30. Kh2 h4 31. Be7 Rd2 0-1

[Event "Oberliga Ost-B 1516"]
[Site "Germany"]
[Date "2015.10.11"]
[Round "3.5"]
[White "Wege, Jochen"]
[Black "Haubt, Georg"]
[Result "1/2-1/2"]
[WhiteElo "2272"]
[BlackElo "2166"]
[PlyCount "63"]
[EventDate "2015.09.20"]
[EventType "team-tourn"]
[EventRounds "11"]
[EventCountry "GER"]
[SourceTitle "EXT 2017"]
[Source "ChessBase"]
[SourceDate "2016.10.25"]
[SourceVersion "1"]
[SourceVersionDate "2016.10.25"]
[SourceQuality "1"]
[WhiteTeam "Frankfurt BvK"]
[BlackTeam "Oberursel"]
[WhiteTeamCountry "GER"]
[BlackTeamCountry "GER"]

1. Nf3 d5 2. c4 d4 3. e3 c5 4. exd4 cxd4 5. d3 Nc6 6. g3 Bf5 7. Bg2 Qd7 8. 0-0 Bh3 9. Na3 Bxg2 10. Kxg2 f6 11. Nc2 e5 12. Bd2 a5 13. Re1 Bc5 14. b3 Nge7 15. a3 0-0 16. b4 Bd6 17. Qe2 Ng6 18. bxa5 Nxa5 19. Rab1 Nc6 20. Rb3 Ra7 21. Qe4 Qf7 22. Reb1 Rd8 23. Rb5 Bf8 24. R1b3 Rd7 25. Qe2 Bd6 26. h4 Nf8 27. h5 Ne6 28. h6 Nc5 29. Rxc5 Bxc5 30. hxg7 Qxg7 31. Nh4 Ne7 32. Qe4 1/2-1/2

[Event "Oberliga Ost-B 1516"]
[Site "Germany"]
[Date "2015.10.10"]
[Round "2.4"]
[White "Wege, Jochen"]
[Black "Weichhold, Pawel"]
[Result "1/2-1/2"]
[WhiteElo "2272"]
[BlackElo "2415"]
[PlyCount "26"]
[EventDate "2015.09.20"]
[EventType "team-tourn"]
[EventRounds "11"]
[EventCountry "GER"]
[SourceTitle "EXT 2017"]
[Source "ChessBase"]
[SourceDate "2016.10.25"]
[SourceVersion "1"]
[SourceVersionDate "2016.10.25"]
[SourceQuality "1"]
[WhiteTeam "Frankfurt BvK"]
[BlackTeam "Heusenstamm"]
[WhiteTeamCountry "GER"]
[BlackTeamCountry "GER"]

1. e4 c5 2. b3 Nf6 3. Nc3 Nc6 4. Bb2 e5 5. Bc4 Be7 6. d3 0-0 7. Nge2 a6 8. a4 d6 9. 0-0 Nh5 10. Nd5 Rb8 11. Nec3 g6 12. Nxe7+ Qxe7 13. Bc1 Be6 1/2-1/2

[Event "Oberliga Ost-B 1415"]
[Site "Germany"]
[Date "2015.01.17"]
[Round "6.5"]
[White "Wege, Jochen"]
[Black "Klundt, Klaus"]
[Result "1-0"]
[WhiteElo "2239"]
[BlackElo "2313"]
[PlyCount "87"]
[EventDate "2014.09.21"]
[EventType "team-tourn"]
[EventRounds "11"]
[EventCountry "GER"]
[SourceTitle "EXT 2016"]
[Source "ChessBase"]
[SourceDate "2015.10.08"]
[SourceVersion "1"]
[SourceVersionDate "2015.10.08"]
[SourceQuality "1"]
[WhiteTeam "Frankfurt BvK"]
[BlackTeam "Heusenstamm"]
[WhiteTeamCountry "GER"]
[BlackTeamCountry "GER"]

1. e4 c5 2. Nf3 Nc6 3. d4 cxd4 4. Nxd4 Qb6 5. Nb3 Nf6 6. Nc3 e6 7. Be3 Qc7 8. f4 Bb4 9. Bd3 d5 10. e5 Nd7 11. 0-0 a6 12. Qf3 b6 13. Ne2 Be7 14. c3 Nc5 15. Bc2 Nxb3 16. axb3 Bb7 17. Qf2 b5 18. Bb6 Qb8 19. b4 0-0 20. Nd4 g6 21. Bd3 Nxd4 22. Bxd4 f5 23. exf6 Bxf6 24. Bxf6 Rxf6 25. Qd4 Rf7 26. Rae1 Qd6 27. h4 Raf8 28. Re5 Bc8 29. h5 Rf6 30. hxg6 hxg6 31. g4 Qc7 32. g5 R6f7 33. Bxg6 Rg7 34. Bd3 Qf7 35. Qf2 Qh5 36. Qg3 d4 37. Re2 dxc3 38. Rh2 Qe8 39. Qh4 Qd8 40. Qh8+ Kf7 41. g6+ Ke8 42. Qxg7 Qxd3 43. Qxc3 Qxg6+ 44. Rg2 1-0

[Event "Oberliga Ost-B 1314"]
[Site "Germany"]
[Date "2014.04.06"]
[Round "11.5"]
[White "Pichler, Manfred"]
[Black "Wege, Jochen"]
[Result "1/2-1/2"]
[WhiteElo "2093"]
[BlackElo "2230"]
[PlyCount "41"]
[EventDate "2013.10.13"]
[EventType "team-tourn"]
[EventRounds "11"]
[EventCountry "GER"]
[SourceTitle "EXT 2015"]
[Source "ChessBase"]
[SourceDate "2014.11.20"]
[SourceVersion "1"]
[SourceVersionDate "2014.11.20"]
[SourceQuality "1"]
[WhiteTeam "Halle"]
[BlackTeam "Frankfurt BvK"]
[WhiteTeamCountry "GER"]
[BlackTeamCountry "GER"]

1. e4 e6 2. d4 d5 3. exd5 exd5 4. Nf3 Bg4 5. h3 Bh5 6. Bd3 Bd6 7. 0-0 Ne7 8. Nbd2 Nbc6 9. c3 f6 10. b4 Qd7 11. b5 Nd8 12. Re1 0-0 13. Qc2 Bg6 14. a4 a6 15. bxa6 Rxa6 16. Bxg6 Nxg6 17. Qb3 c6 18. c4 Nf4 19. cxd5 Nxd5 20. Ne4 b5 21. Bd2 1/2-1/2

[Event "Oberliga Ost-B 1314"]
[Site "Germany"]
[Date "2014.01.19"]
[Round "7.6"]
[White "Schaefer, Michael"]
[Black "Wege, Jochen"]
[Result "1/2-1/2"]
[WhiteElo "2151"]
[BlackElo "2230"]
[PlyCount "116"]
[EventDate "2013.10.13"]
[EventType "team-tourn"]
[EventRounds "11"]
[EventCountry "GER"]
[SourceTitle "EXT 2015"]
[Source "ChessBase"]
[SourceDate "2014.11.20"]
[SourceVersion "1"]
[SourceVersionDate "2014.11.20"]
[SourceQuality "1"]
[WhiteTeam "Moerlenbach"]
[BlackTeam "Frankfurt BvK"]
[WhiteTeamCountry "GER"]
[BlackTeamCountry "GER"]

1. g3 e5 2. c4 Nf6 3. Bg2 c6 4. d4 exd4 5. Qxd4 d5 6. cxd5 cxd5 7. Nh3 Nc6 8. Qa4 Bb4+ 9. Bd2 Bxd2+ 10. Nxd2 0-0 11. 0-0 Qb6 12. Nb3 Re8 13. Nf4 Bd7 14. e3 Nb4 15. Qa5 g5 16. a3 gxf4 17. Qxb6 axb6 18. axb4 Rxa1 19. Nxa1 fxe3 20. fxe3 Kg7 21. Nc2 Bb5 22. Re1 Bd3 23. Nd4 Kg6 24. h3 Ra8 25. Rd1 Be4 26. Rd2 Ra4 27. b5 Rc4 28. Bf1 Rc1 29. Kf2 Nd7 30. Ne2 Ra1 31. Nf4+ Kf5 32. Nxd5 Ke5 33. Nc3 Nf6 34. Rd1 Ra8 35. Bc4 Rc8 36. Rd4 h5 37. Be2 Bf5 38. Kg2 Be6 39. Bf3 Rc7 40. g4 hxg4 41. hxg4 Nd7 42. Kg3 Nc5 43. Bd5 Bxd5 44. Rxd5+ Ke6 45. Kf4 f6 46. e4 Nd7 47. g5 fxg5+ 48. Rxg5 Rc4 49. Rg6+ Kf7 50. Rh6 Rb4 51. Rh7+ Ke6 52. Rh6+ Kf7 53. Rd6 Nc5 54. Rxb6 Rxb2 55. Ke3 Rb3 56. Kd4 Rxc3 57. Rxb7+ Nxb7 58. Kxc3 Ke6 1/2-1/2

[Event "Oberliga Ost-B 1314"]
[Site "Germany"]
[Date "2013.12.15"]
[Round "5.5"]
[White "Wege, Jochen"]
[Black "Weiss, Werner"]
[Result "1-0"]
[WhiteElo "2230"]
[BlackElo "2189"]
[PlyCount "73"]
[EventDate "2013.10.13"]
[EventType "team-tourn"]
[EventRounds "11"]
[EventCountry "GER"]
[SourceTitle "EXT 2015"]
[Source "ChessBase"]
[SourceDate "2014.11.20"]
[SourceVersion "1"]
[SourceVersionDate "2014.11.20"]
[SourceQuality "1"]
[WhiteTeam "Frankfurt BvK"]
[BlackTeam "Liebschwitz"]
[WhiteTeamCountry "GER"]
[BlackTeamCountry "GER"]

1. e4 d6 2. d4 c6 3. Nc3 Nf6 4. f4 Qa5 5. e5 Ne4 6. Qf3 Nxc3 7. Bd2 Qd5 8. Bxc3 Qxf3 9. Nxf3 d5 10. Bd3 e6 11. Bd2 b6 12. c3 Be7 13. 0-0-0 c5 14. g4 h5 15. h3 g6 16. f5 Ba6 17. Bxa6 Nxa6 18. Ng5 gxf5 19. gxf5 Bxg5 20. Bxg5 Rg8 21. h4 cxd4 22. cxd4 exf5 23. Rhf1 Nc7 24. Rxf5 Ne6 25. b3 Nxg5 26. hxg5 Rc8+ 27. Kd2 Rc6 28. Rh1 Rh8 29. Rf6 Re6 30. Ke3 Ke7 31. Kf4 Rxf6+ 32. exf6+ Kd6 33. Kf5 Kc6 34. g6 fxg6+ 35. Kxg6 Rg8+ 36. Kh6 Rg2 37. Rf1 1-0

[Event "Oberliga Ost-B 1314"]
[Site "Germany"]
[Date "2013.10.13"]
[Round "1.5"]
[White "Wege, Jochen"]
[Black "Prudlo, Simon"]
[Result "0-1"]
[WhiteElo "2230"]
[BlackElo "2169"]
[PlyCount "86"]
[EventDate "2013.10.13"]
[EventType "team-tourn"]
[EventRounds "11"]
[EventCountry "GER"]
[SourceTitle "EXT 2015"]
[Source "ChessBase"]
[SourceDate "2014.11.20"]
[SourceVersion "1"]
[SourceVersionDate "2014.11.20"]
[SourceQuality "1"]
[WhiteTeam "Frankfurt BvK"]
[BlackTeam "Heusenstamm"]
[WhiteTeamCountry "GER"]
[BlackTeamCountry "GER"]

1. e4 e6 2. d4 d5 3. Nd2 Nf6 4. Bd3 c5 5. c3 cxd4 6. cxd4 dxe4 7. Nxe4 Nbd7 8. Nf3 Nxe4 9. Bxe4 Nf6 10. Bc2 Bb4+ 11. Bd2 Qa5 12. 0-0 Bxd2 13. Nxd2 0-0 14. Nf3 b6 15. Re1 Bb7 16. a3 Rad8 17. Re5 Bxf3 18. Qxf3 Qd2 19. Re2 Qxd4 20. Rae1 Rd5 21. h3 Rfd8 22. b4 Rc8 23. Bb3 Rc3 24. Bxd5 Rxf3 25. Bxf3 g5 26. Re3 Qc4 27. g3 Kg7 28. Rd1 h5 29. Bg2 h4 30. gxh4 Qxh4 31. Rc1 Qd4 32. Bf3 Qd6 33. Rc4 Kh6 34. Kg2 Nd5 35. Ree4 Nf4+ 36. Kh2 Qd2 37. Kg3 f5 38. Red4 Qe1 39. Rd1 Qe5 40. Rc6 Nxh3+ 41. Kxh3 g4+ 42. Kg2 gxf3+ 43. Kh1 Qe4 0-1

[Event "Oberliga Ost-B 1112"]
[Site "Germany"]
[Date "2012.04.14"]
[Round "10.3"]
[White "Chandler, Patrick"]
[Black "Wege, Jochen"]
[Result "1/2-1/2"]
[WhiteElo "2206"]
[BlackElo "2259"]
[PlyCount "66"]
[EventDate "2011.10.02"]
[EventType "team-tourn"]
[EventRounds "11"]
[EventCountry "GER"]
[SourceTitle "EXT 2013"]
[Source "ChessBase"]
[SourceDate "2012.11.22"]
[SourceVersion "1"]
[SourceVersionDate "2012.11.22"]
[SourceQuality "1"]
[WhiteTeam "Neuberg"]
[BlackTeam "Frankfurt BvK"]
[WhiteTeamCountry "GER"]
[BlackTeamCountry "GER"]

1. Nf3 c5 2. b3 d5 3. Bb2 Nc6 4. e3 a6 5. d4 cxd4 6. exd4 Nf6 7. Ne5 Qc7 8. Nd2 Bf5 9. Bd3 Bxd3 10. cxd3 Qb6 11. Ndf3 e6 12. 0-0 Be7 13. Nxc6 Qxc6 14. Rc1 Qd6 15. Qe2 0-0 16. Rc2 Rac8 17. Ne5 Rxc2 18. Qxc2 Nd7 19. Rc1 Nb6 20. Qc7 Rb8 21. g3 Qxc7 22. Rxc7 Bd6 23. Rc2 f6 24. Ng4 Rc8 25. Rxc8+ Nxc8 26. Ne3 Ne7 27. f4 Nc6 28. Kf2 Kf7 29. Ke2 h5 30. Kf3 Bb8 31. Nc2 g5 32. fxg5 fxg5 33. h3 Kf6 1/2-1/2